| 000 | 00740nam a22002177a 4500 | ||
|---|---|---|---|
| 999 |
_c20708 _d20708 |
||
| 003 | AR-CdUCM | ||
| 008 | 190604b ||||| |||| 00| 0 spa d | ||
| 040 |
_aMUNICIPALIDAD PROVINCIAL DEL CUSCO _cBIBLIOTECA MUNICIPAL DEL CUSCO |
||
| 082 |
_a898 / _bA53 |
||
| 100 |
_aAmpam, Celso - Petsa, nicolino y otros _943253 |
||
| 245 | _aAnenjúsa Chichat / | ||
| 260 |
_aLima : _bEBRA, _c2008 |
||
| 300 |
_a11 páginas ; _bIlustraciones, _c21 cm. |
||
| 500 | _aLengua Awajún | ||
| 505 | _aContenido: Papíi aujtainum aú iwáinamu -- Takát iwáinamu -- Anenjúsa chichat... | ||
| 650 |
_aCuentos _9217 |
||
| 650 |
_aJuvenil _927913 |
||
| 700 |
_aIlustrador: Shimbucat Taish, Juan Manuel _943243 |
||
| 942 |
_2ddc _cLIBROS |
||
| 945 | _aJavier | ||